| 000 | 00489nam a2200181Ia 4500 | ||
|---|---|---|---|
| 003 | GCL | ||
| 008 | 140319s9999 xx 000 0 ara d | ||
| 040 |
_aGCL / _cGCL |
||
| 082 | 0 | 4 |
_a814.008 _bا ا |
| 100 | 1 | _aانيس منصور | |
| 245 | 1 | 0 |
_aالذين هبطوا من السماء / _cانيس منصور |
| 300 | _a228 ص | ||
| 490 | _a | ||
| 650 | 0 | 4 | _aالحضارة القديمة |
| 650 | 0 | 4 | _aالكتب السماوية |
| 650 | 0 | 4 | _aاصل الحياة |
| 942 |
_2ddc _cBK |
||
| 999 |
_c38847 _d38847 |
||